000 00888nam a2200265 4500
003 EG-GICUC
005 20260408131629.0
008 260408s1935 Fr |||f |||| 00| 0 Fre d
040 _a EG-GICUC
_bfre
_c EG-GICUC
_d EG-GICUC
_erda
082 0 4 _a341.84
_bL O . E
_221
092 0 4 _221
099 _aLaw1 12 341.84 L O . E 1935
100 1 _aLombard Théophile
_eAuteur
245 _aEssal De Synthése De La Jurisprudence Française En Matiére De Conflits De Lois /
_cPar Théophile Lombard .
264 _aMarseille:
_bImprimerie Ant. Ged,
_c1935.
300 _a264 Pages;
_c24 Cm.
336 _2rda content
_atext
337 _2rda media
_aComputer
338 _2rda carrier
_aOnline Resource
546 _aTexte en français
650 1 4 _aDroit international privé
856 4 0 _uhttps://fll.law.cu.edu.eg/fulltext/bks/B12-02387.pdf
905 _a64
942 _2ddc
_cBK
_e21
_n0
999 _c69714
_d69714